Fuerza y flexibilidad muscular: ejercicios especificos
Guardat en:
| Autors principals: | , |
|---|---|
| Format: | Llibre |
| Idioma: | espanyol |
| Publicat: |
Buenos Aires
Stadium
1983
|
| Matèries: | |
| Etiquetes: |
Afegir etiqueta
Sense etiquetes, Sigues el primer a etiquetar aquest registre!
|
MARC
| LEADER | 00000nam a2200000 a 4500 | ||
|---|---|---|---|
| 001 | UCW3261 | ||
| 003 | CL-VaPUC | ||
| 008 | 880525e19830000AG |||||||||||||||||spa|d | ||
| 082 | 0 | 4 | |a 796.41 |b BAT |2 21 |
| 100 | 0 | |a Battista, Eric |e author |9 307397 | |
| 700 | 0 | |a Vives, Jean |e author |9 307398 | |
| 245 | 1 | 0 | |a Fuerza y flexibilidad muscular: ejercicios especificos |
| 300 | |a 284 p | ||
| 942 | |c BK | ||
| 945 | |d 19880525 00:00:00 | ||
| 260 | |a Buenos Aires |b Stadium |c 1983 | ||
| 650 | 7 | |a EJERCICIOS ATLETICOS |2 CL-VaPUC |9 307399 | |
| 650 | 0 | |a Fuerza muscular |9 307400 | |
| 650 | 7 | |a GIMNASIA |2 CL-VaPUC |9 307275 | |
| 583 | |a last modification |c 19880525 00:00:00 |k Rodrigo Vera | ||
| 999 | |c 217359 |d 217357 | ||
| 952 | |0 0 |1 0 |4 0 |6 796_410000000000000_BAT_1983 |7 0 |8 P |9 204755 |a BIBEDU |b BIBEDU |c BIBEDU_PB |d 2019-11-15 |i 2725568 |o 796.41 BAT 1983 |p 2725568 |r 2024-01-25 |w 2019-11-15 |y BK |k EDU | ||
| 952 | |0 0 |1 0 |4 0 |6 796_410000000000000_BAT_1983 |7 0 |8 P |9 204756 |a BIBEDU |b BIBEDU |c BIBEDU_PB |d 2019-11-15 |i 1553135 |o 796.41 BAT 1983 |p 1553135 |r 2024-01-25 |w 2019-11-15 |y BK |k EDU | ||
| 952 | |0 0 |1 0 |4 0 |6 796_410000000000000_BAT_1983 |7 0 |8 P |9 204757 |a BIBEDU |b BIBEDU |c BIBEDU_PB |d 2019-11-15 |i 1553143 |o 796.41 BAT 1983 |p 1553143 |r 2024-01-25 |w 2019-11-15 |y BK |k EDU | ||
| 952 | |0 0 |1 0 |4 0 |6 796_410000000000000_BAT_1983 |7 0 |8 P |9 204758 |a BIBEDU |b BIBEDU |c BIBEDU_PB |d 2019-11-15 |i 1553151 |o 796.41 BAT 1983 |p 1553151 |r 2024-01-25 |w 2019-11-15 |y BK |k EDU | ||
| 952 | |0 0 |1 0 |4 0 |6 796_410000000000000_BAT_1983 |7 0 |8 P |9 204759 |a BIBEDU |b BIBEDU |c BIBEDU_PB |d 2019-11-15 |i 155316K |o 796.41 BAT 1983 |p 155316K |r 2024-01-25 |w 2019-11-15 |y BK |k EDU | ||